An Introduction to analog and digital communication (Record no. 106)
[ view plain ]
| 000 -LEADER | |
|---|---|
| Fixed length control field | 00507nam a2200193 4500 |
| 003 - CONTROL NUMBER IDENTIFIER | |
| Control field | SEACOMEC |
| 005 - DATE AND TIME OF LATEST TRANSACTION | |
| Control field | 20240404124818.0 |
| 008 - FIXED-LENGTH DATA ELEMENTS--GENERAL INFORMATION | |
| Fixed length control field | 231005b |||||||| |||| 00| 0 eng d |
| 020 ## - INTERNATIONAL STANDARD BOOK NUMBER / ISBN | |
| Price | $5.50 |
| 040 ## - CATALOGING SOURCE | |
| Original cataloging agency | SEACOMEC |
| 082 ## - DEWEY DECIMAL CLASSIFICATION NUMBER | |
| Classification number | 621.382 |
| Book Number | H419 |
| 100 1# - MAIN ENTRY--PERSONAL NAME | |
| Personal name | Haykin, Simon |
| 245 13 - TITLE STATEMENT | |
| Title | An Introduction to analog and digital communication |
| Statement of responsibility | Simon Haykin |
| 250 ## - EDITION STATEMENT | |
| Edition statement | 7th ed. |
| 260 ## - IMPRINT | |
| Place of publication | Singapore |
| Name of publisher | John Wiley |
| Date of publication | 2005 |
| 650 ## - SUBJECT ADDED ENTRY--TOPICAL TERM | |
| Topical term | Applied physics |
| 650 ## - SUBJECT ADDED ENTRY--TOPICAL TERM | |
| Topical term | Communications engineering |
| 942 ## - ADDED ENTRY ELEMENTS (KOHA) | |
| Koha item type | Books |
| Withdrawn status | Lost status | Source of classification | Damaged status | Not for loan | Home library | Current library | Date acquired | Total Checkouts | Call number | Accession number | Date last seen | Price effective from | Koha item type | Copy number |
|---|---|---|---|---|---|---|---|---|---|---|---|---|---|---|
| Dewey Decimal Classification | SEACOM ENGINEERING COLLEGE | SEACOM ENGINEERING COLLEGE | 04/04/2024 | 621.382 H419 | 4850 | 04/04/2024 | 04/04/2024 | Books | ||||||
| Dewey Decimal Classification | SEACOM ENGINEERING COLLEGE | SEACOM ENGINEERING COLLEGE | 04/04/2024 | 621.382 H419 | 4851 | 04/04/2024 | 04/04/2024 | Books | 1 | |||||
| Dewey Decimal Classification | SEACOM ENGINEERING COLLEGE | SEACOM ENGINEERING COLLEGE | 04/04/2024 | 621.382 H419 | 4852 | 04/04/2024 | 04/04/2024 | Books | 2 | |||||
| Dewey Decimal Classification | SEACOM ENGINEERING COLLEGE | SEACOM ENGINEERING COLLEGE | 04/04/2024 | 621.382 H419 | 4853 | 04/04/2024 | 04/04/2024 | Books | 3 | |||||
| Dewey Decimal Classification | SEACOM ENGINEERING COLLEGE | SEACOM ENGINEERING COLLEGE | 04/04/2024 | 621.382 H419 | 4854 | 04/04/2024 | 04/04/2024 | Books | 4 |
